Estatísticas para Quiz dos Países Baixos

Clique aqui para jogar o quiz

Estatísticas Gerais

  • Esse quiz foi jogado 215 vezes
  • A pontuação média é 12 de 20

Estatísticas das Respostas

DicaResposta% Correto
Maiores cidadesAmesterdão
95%
Língua oficialNeerlandês
94%
Países fronteiriçosAlemanha
94%
Países fronteiriçosBélgica
92%
Pintor de "A Noite Estrelada"Vincent van Gogh
83%
Esporte nacionalFutebol
80%
Maiores cidadesRoterdão
71%
Flor cujos preços causaram uma
"mania" no século XVII
Tulipa
69%
País que já foi chamado de
Índias Orientais Neerlandesas
Indonésia
69%
Marca de cerveja mais famosaHeineken
60%
Sapato de madeiraTamanco
56%
Maiores cidadesHaia
51%
Companhia aérea nacionalKLM
43%
Ilha do Caribe compartilhada
com a França
São Martinho
43%
Grande companhia de petróleoShell
42%
Nome do herdeiro do tronoPríncipe de {Orange}
36%
Moeda oficial antigaFlorim
28%
Nome da colônia neerlandesa
no nordeste brasileiro
Nova Holanda
28%
Rei atualGuilherme Alexandre
25%
Cientista que foi o primeiro a ver
organismos unicelulares
Anton van
Leeuwenhoek
16%

Distribuição das Pontuações

Percentil de Números Respondidos

Porcentagem de Pessoas com Cada Pontuação

Sua Pontuação Histórica

Você não jogou esse quiz